<?xml version="1.0" encoding="UTF-8"?>
<record
    xmlns:xsi="http://www.w3.org/2001/XMLSchema-instance"
    xsi:schemaLocation="http://www.loc.gov/MARC21/slim http://www.loc.gov/standards/marcxml/schema/MARC21slim.xsd"
    xmlns="http://www.loc.gov/MARC21/slim">

  <leader>00425nam a2200109Ia 4500</leader>
  <controlfield tag="008">160909s9999    xx            000 0 und d</controlfield>
  <datafield tag="100" ind1=" " ind2=" ">
    <subfield code="a">Reiko, Kobayashi-Wagner</subfield>
  </datafield>
  <datafield tag="245" ind1=" " ind2=" ">
    <subfield code="a">Exploration of food preferences among different generations of Japanese-Americans living in the Seattle area: A pilot study</subfield>
  </datafield>
  <datafield tag="260" ind1=" " ind2=" ">
    <subfield code="b">Bastyr University</subfield>
    <subfield code="c">2016</subfield>
  </datafield>
  <datafield tag="650" ind1=" " ind2=" ">
    <subfield code="a">FOOD</subfield>
  </datafield>
  <datafield tag="856" ind1=" " ind2=" ">
    <subfield code="u">http://pqdtopen.proquest.com/doc/1808920651.html?FMT=ABS </subfield>
  </datafield>
  <datafield tag="999" ind1=" " ind2=" ">
    <subfield code="c">303978</subfield>
    <subfield code="d">303978</subfield>
  </datafield>
  <datafield tag="952" ind1=" " ind2=" ">
    <subfield code="0">0</subfield>
    <subfield code="1">0</subfield>
    <subfield code="4">0</subfield>
    <subfield code="a">CL</subfield>
    <subfield code="b">CL</subfield>
    <subfield code="d">2016-09-15</subfield>
    <subfield code="l">0</subfield>
    <subfield code="r">2016-09-15 00:00:00</subfield>
    <subfield code="w">2016-09-15</subfield>
    <subfield code="y">ET</subfield>
  </datafield>
</record>
